| 000 | 00470nam a2200121Ia 4500 | ||
|---|---|---|---|
| 008 | 170221s9999 xx 000 0 und d | ||
| 100 | _aC. P. Weaver, Jr. | ||
| 245 | _aPerceived Organizational Support and Job Overload as Moderators on the Relationship between Leadership Effectiveness and Job Satisfaction | ||
| 245 | _cC. P. Weaver, Jr. | ||
| 260 | _c2012 | ||
| 650 | _xBusiness | ||
| 856 | _uhttp://www.regent.edu/acad/global/publications/elj/vol8iss1/5ELJ-Weaver.pdf | ||
| 999 |
_c309667 _d309667 |
||